000 00365nam a2200133Ia 4500
003 GCL
008 140319s9999 xx 000 0 ara d
040 _aGCL /
_cGCL
082 0 4 _aط
_b793.732
_bس ع
245 1 0 _aشبكات الدوائر
260 _a[S.N] :
_bسوفنير بوك هاوس
300 _a80
490 _aعالم الكلمات المتقاطعة
_v0
999 _c58212
_d58212